El patrimonio universitario / (Record no. 181603)

MARC details
000 -CABECERA
campo de control de longitud fija 00766nam a2200217 u 4500
005 - FECHA Y HORA DE LA ÚLTIMA TRANSACCIÓN
campo de control 20210223132900.0
008 - ELEMENTOS DE LONGITUD FIJA--INFORMACIÓN GENERAL
campo de control de longitud fija 160413s2011 mx r 000 0 spa d
020 ## - NÚMERO INTERNACIONAL NORMALIZADO PARA LIBROS
Número Internacional Estándar del Libro 9786076060469
035 ## - NÚMERO DE CONTROL DEL SISTEMA
Número de control de sistema UPN01000209502
049 ## - COLECCIÓN
Colección CG
050 #4 - SIGNATURA TOPOGRÁFICA DE LA BIBLIOTECA DEL CONGRESO
Número de clasificación LE7.6313 U2k
Número de documento/Ítem U5.6
110 2# - ASIENTO PRINCIPAL--NOMBRE CORPORATIVO
Nombre de entidad corporativa o nombre de jurisdicción como elemento de entrada Universidad Juárez Autónoma de Tabasco
9 (RLIN) 31564
245 13 - MENCIÓN DE TÍTULO
Título El patrimonio universitario /
Mención de responsabilidad, etc. Universidad Juárez Autónoma de Tabasco ; comp. Fernando Rabelo Hartmann
260 ## - PUBLICACIÓN, DISTRIBUCIÓN, ETC.
Lugar de publicación, distribución, etc. Villahermosa :
Nombre del editor, distribuidor, etc. UJAT,
Fecha de publicación, distribución, etc. 2011.
300 ## - DESCRIPCIÓN FÍSICA
Extensión 306 p. :
Otras características físicas il. col.
440 #0 - MENCIÓN DE SERIE/ASIENTO SECUNDARIO--TÍTULO
Título Justo Sierra.
Nombre de parte o sección de la obra Documentos y estudios sobre la universidad
610 24 - ASIENTO SECUNDARIO DE MATERIA - NOMBRE CORPORATIVO
Nombre de entidad corporativa o nombre de jurisdicción como elemento de entrada UNIVERSIDAD JUAREZ AUTONOMA DE TABASCO -
Subdivisión general EDIFICIOS
9 (RLIN) 26394
700 1# - ASIENTO SECUNDARIO--NOMBRE DE PERSONAL
Nombre de persona Rabelo Hartmann, Fernando,
Término indicativo de función/relación comp.
905 ## - TIPO DE MATERIAL
Tipo de material Libro
Holdings
Estado de retiro Estado de pérdida Fuente del sistema de clasificación o colocación Estado dañado No para préstamo Código de colección Localización permanente Ubicación/localización actual Ubicación en estantería Total de préstamos Clasificación Código de barras Fecha visto por última vez Número de copia Tipo de ítem Koha
    Library of Congress Classification     Colección General Bib. Gregorio Torres Quintero Bib. Gregorio Torres Quintero Planta baja   LE7.6313 U2k U5.6 307464 31/12/2020 1 Libro